书目信息 |
| 题名: |
积分表和积分变换表
|
|
| 作者: | 张立 编 | |
| 分册: | ||
| 出版信息: | 上海 上海翻译出版公司 1987 |
|
| 页数: | 94页 | |
| 开本: | 19cm | |
| 丛书名: | ||
| 单 册: | ||
| 中图分类: | O1-646 | |
| 科图分类: | ||
| 主题词: | 积分-数学表 , 数学表-积分 , 积分变换-数学表 , 数学表-积分变换 | |
| 电子资源: | ||
| ISBN: | ||
| 000 | 00757nam0 2200289 45 | |
| 001 | 0187007719 | |
| 005 | 20040706091743.9 | |
| 010 | @dCNY0.80 | |
| 091 | @a13311.39 | |
| 100 | @a19900808d1987 emky0chiy0121 ea | |
| 101 | 0 | @achi |
| 102 | @aCN@b310000 | |
| 105 | @ay z 000yy | |
| 106 | @ar | |
| 200 | 10 | @a积分表和积分变换表@Aji fen biao he ji fen bian huan biao@f张立编 |
| 210 | @a上海@c上海翻译出版公司@d1987 | |
| 215 | @a94页@d19cm | |
| 300 | @a附:常用数学公式选 | |
| 606 | @a积分-数学表 | |
| 606 | @a数学表-积分 | |
| 606 | @a积分变换-数学表 | |
| 606 | @a数学表-积分变换 | |
| 690 | @aO1-646@v3 | |
| 701 | 0 | @a张立@Azhang li@4编 |
| 801 | 0 | @aCN@b深圳图书馆@c20040521 |
| 801 | 2 | @aCN@bNLC@c20040521 |
| 905 | @dO1-646@e155@f1@b205929 | |
| 积分表和积分变换表/张立编.-上海:上海翻译出版公司,1987 |
| 94页;19cm |
| 附:常用数学公式选 |
| ISBN :CNY0.80 |
| ● |
| 相关链接 |
|
|
|
|
正题名:积分表和积分变换表
索取号:O1-646/155
 
预约/预借
| 序号 | 登录号 | 条形码 | 馆藏地/架位号 | 状态 | 备注 |
| 1 | 0205929 | 001939745 | 第三借阅区/ [索取号:O1-646/155] | 在馆 | |
| 2 | 0205930 | 001200818 | 第三借阅区/ [索取号:O1-646/155] | 在馆 | |
| 3 | 0205931 | 001232669 | 第三借阅区/ [索取号:O1-646/155] | 在馆 | |
| 4 | 0205932 | 001232678 | 第三借阅区/ [索取号:O1-646/155] | 在馆 | |
| 5 | 0205933 | 001232687 | 第二样本阅览室/ [索取号:O1-646/155] | 在馆 |